Eine Christliche vnd trewe Oration vnd Vermahnung an die Regierung der löblichen Cron Franckreich/ Darinnen von Mitteln vnnd Wegen geredt/ vnd gehandelt wirdt/ wie die beschwerlichen Auffruhren/ so der Religion halben daselbst zu besorgen gewesen/ hetten mögen fürkommen werden/ wo ferrn man denselbigen gefolget. Erstlich in Franßösischer Sprache geschrieben Folgends in das Latein verändert/ Vnd leßlich in vnser Teutsche Sprache verseßt worden

Podrobná bibliografia
Hlavný autor: Lauterbeck, Georg, narodený asi 1505-zomrel asi 1578 (Autor)
Ďalší autori: Beatus, Romanus (Tlačiar)
Médium: Kniha
Jazyk:nemčina
Fyzický popis:363-414 fólií 32 cm
Vydavateľské údaje: [Franckfurtam am Mayn] [In Verlegung Eliae Willers] Anno MDC (1600)
Predmet:

MARC

LEADER 00000nam a22000005 4500
001 vtls012240304
003 SK-MaSNL
005 20260425225753.0
008 230927s1600 gw a f 000 0 ger
015 |a SNBHFA 
040 |a SNKHF  |b slo  |c SNKHF  |e rda 
041 0 |a ger 
044 |a gw  |c DE 
072 7 |a 32  |x Politika  |2 konspekt 
072 7 |a 101  |x Filozofia  |2 konspekt 
072 7 |a 34  |x Právo  |2 konspekt 
072 7 |a 321  |x Politológia  |2 konspekt 
080 |a 32  |2 2011 
080 |a 101  |2 2011 
080 |a 34  |2 2011 
080 |a 321.61+342.36/.37  |2 2011 
100 1 |a Lauterbeck, Georg,  |d narodený asi 1505-zomrel asi 1578  |4 aut  |9 407061 
245 1 0 |a Eine Christliche vnd trewe Oration vnd Vermahnung an die Regierung der löblichen Cron Franckreich/ Darinnen von Mitteln vnnd Wegen geredt/ vnd gehandelt wirdt/ wie die beschwerlichen Auffruhren/ so der Religion halben daselbst zu besorgen gewesen/ hetten mögen fürkommen werden/ wo ferrn man denselbigen gefolget. Erstlich in Franßösischer Sprache geschrieben Folgends in das Latein verändert/ Vnd leßlich in vnser Teutsche Sprache verseßt worden  |c Durch Georgen Lauterbecken/ Brandenburgischen Raht auffm Gebirg 
264 3 |a [Getruckt in der Keyselichen Reichßstatt Franckfurtam am Mayn]  |b [durch Romanum Beatum]  |c Anno MDC (1600) 
264 1 |a [Franckfurtam am Mayn]  |b [In Verlegung Eliae Willers]  |c Anno MDC (1600) 
300 |a 363-414 fólií  |c 32 cm 
336 |a text  |b txt  |2 rdacontent 
337 |a bez média  |b n  |2 rdamedia 
338 |a zväzok  |b nc  |2 rdacarrier 
500 |a Vineta, gotická iniciálka bez pozadia na 6 riadkov, kustody 
501 |a Príväzok 1. k: LAUTERBECK, Georg. Regenten Buch Des Hochgelerten weitberümbten Herrn Georgen Lauterbecken Fürstlichen/ Brandenburgischen Raths etc. ... Getruckt in der Keyselichen Reichßstatt Franckfurtam am Mayn : durch Romanum Beatum, In Verlegung Eliae Willers Im Jahr MDC (1600).  |5 SNK IB 71623 
510 4 |a VD 16  |c L 785 
546 |a Nemecký text  |b Fraktúra 
550 |a Údaje do impresa podľa VD 16 
650 0 7 |a politika  |2 SNKPH  |9 968 
650 0 7 |a filozofia  |2 SNKPH  |9 793 
650 0 7 |a právo  |2 SNKPH  |9 976 
650 0 7 |a vládnutie  |2 SNKPH  |9 331903 
650 0 7 |a regentstvo  |2 SNKPH  |9 407062 
650 0 7 |a monarchia  |2 SNKPH  |9 4444 
700 1 |a Willer, Elias  |4 pbl  |9 407063 
700 1 |a Beatus, Romanus  |4 prt  |9 407064 
752 |a Nemecko  |d Frankfurt nad Mohanom 
852 |a snk  |b Historické fondy  |p 71623/prív.1 
958 |a ONDV 
958 |a DA 
999 |c 658249  |d 660179 
952 |t Tlače 16. storočia  |a SNK  |b SNK  |c SNK_HF  |y PREZ  |7 0  |p 17A1486579  |o snkIB 71623/prív.1  |i snk2007/22631  |8 3  |0 0  |1 0  |4 0  |d 2023-09-27  |l 0  |r 2026-02-23 18:44:29  |w 2026-02-23